Criminal law / (Record no. 23065)
[ view plain ]
| 000 -LEADER | |
|---|---|
| fixed length control field | 02035cam a2200373 i 4500 |
| 001 - CONTROL NUMBER | |
| control field | 17839420 |
| 005 - DATE AND TIME OF LATEST TRANSACTION | |
| control field | 20170125151231.0 |
| 008 - FIXED-LENGTH DATA ELEMENTS--GENERAL INFORMATION | |
| fixed length control field | 130805s2015 ctua b 001 0 eng |
| 010 ## - LIBRARY OF CONGRESS CONTROL NUMBER | |
| LC control number | 2013947068 |
| 020 ## - INTERNATIONAL STANDARD BOOK NUMBER | |
| International Standard Book Number | 9781285458410 (hbk. ; Student ed.) |
| 020 ## - INTERNATIONAL STANDARD BOOK NUMBER | |
| International Standard Book Number | 1285458419 (hbk. ; Student ed.) |
| 035 ## - SYSTEM CONTROL NUMBER | |
| System control number | (OCoLC)ocn872149307 |
| 042 ## - AUTHENTICATION CODE | |
| Authentication code | lccopycat |
| 043 ## - GEOGRAPHIC AREA CODE | |
| Geographic area code | n-us--- |
| 050 00 - LIBRARY OF CONGRESS CALL NUMBER | |
| Classification number | KF9219 .G37 2015 |
| 100 1# - MAIN ENTRY--PERSONAL NAME | |
| Personal name | Gardner, Thomas J., |
| Dates associated with a name | 1921- |
| Relator term | author. |
| 245 10 - TITLE STATEMENT | |
| Title | Criminal law / |
| Statement of responsibility, etc. | Thomas J. Gardner, Attorney at Law; Terry M. Anderson, Creighton University School of Law |
| 250 ## - EDITION STATEMENT | |
| Edition statement | 12th edition, Student ed. |
| 300 ## - PHYSICAL DESCRIPTION | |
| Extent | xxix, 563 p. : |
| Other physical details | illustrations ; |
| Dimensions | 24 cm |
| 504 ## - BIBLIOGRAPHY, ETC. NOTE | |
| Bibliography, etc | Includes bibliographical references and indexes. |
| 505 0# - FORMATTED CONTENTS NOTE | |
| Formatted contents note | Criminal law : purposes, scope, and sources -- Jurisdiction -- Essential elements of a crime -- Criminal liability -- Criminal responsibility and the capacity to commit a crime -- The law governing the use of force -- Other criminal defenses -- Criminal punishments -- Free speech, public order crimes, and the Bill of Rights -- Homicide -- Assault, battery, and other crimes against the person -- Sexual assault, rape, prostitution, and related sex crimes -- Theft -- Robbery, burglary, and related crimes -- White-collar crime, cyber crime, and commercial crime -- Drug abuse and alcohol-related crimes -- Terrorism -- Organized crime and gangs -- Immigration crimes, contempt, and other crimes against government. |
| 650 #0 - SUBJECT ADDED ENTRY--TOPICAL TERM | |
| Topical term or geographic name as entry element | Criminal law |
| Geographic subdivision | United States |
| Form subdivision | Cases. |
| 655 #7 - INDEX TERM--GENRE/FORM | |
| Genre/form data or focus term | Casebooks. |
| Source of term | lcfgt |
| 700 1# - ADDED ENTRY--PERSONAL NAME | |
| Personal name | Anderson, Terry M. |
| 942 ## - ADDED ENTRY ELEMENTS (KOHA) | |
| Source of classification or shelving scheme | |
| Koha item type | Hard Covered Materials |
| Withdrawn status | Lost status | Source of classification or shelving scheme | Damaged status | Not for loan | Home library | Current library | Shelving location | Date acquired | Source of acquisition | Total Checkouts | Full call number | Barcode | Date last seen | Price effective from | Koha item type |
|---|---|---|---|---|---|---|---|---|---|---|---|---|---|---|---|
| MACHAKOS UNIVERSITY LIBRARY | MACHAKOS UNIVERSITY LIBRARY | Technical section | 25/01/2017 | Donation(BFA) | KF9219 .G37 2015 | 32254 | 24/07/2018 | 25/01/2017 | Hard Covered Materials |